000
00268nam a2200121Ia 4500
008
190216s9999||||xx |||||||||||||| ||und||
100
_a
Ganguly.C
245
0
_a
General Botany
260
_b
Vikas Publishing House
300
_a
xxxiiip
650
_a
Botany
942
_c
BK
999
_c
1294
_d
1294